| 000 | 00611cam a2200205 4500500 | ||
|---|---|---|---|
| 005 | 20260329002329.0 | ||
| 041 | _afre | ||
| 042 | _adc | ||
| 100 | 1 | 0 |
_aLegros, Martin _eauthor |
| 245 | 0 | 0 | _aSe connaître soi-même. Est-ce bien nécessaire? |
| 260 | _c2011. | ||
| 500 | _a62 | ||
| 690 | _aIdentité | ||
| 690 | _aIntrospection | ||
| 690 | _aNarcissisme | ||
| 690 | _aPsychanalyse | ||
| 690 | _aSoi | ||
| 786 | 0 | _nPhilosophie magazine | 55 | 12 | 2011-12-01 | p. 29-29 | 1951-1787 | |
| 856 | 4 | 1 | _uhttps://shs.cairn.info/magazine-philosophie-magazine-2011-12-page-29?lang=fr&redirect-ssocas=7080 |
| 999 |
_c1813986 _d1813986 |
||